Personalentwicklung und Training: Stand der psychologischen Forschung und Gestaltung

Gespeichert in:
Bibliographische Detailangaben
1. Verfasser: Sonntag, Karlheinz (VerfasserIn)
Dokumenttyp: Article (Journal)
Sprache:Deutsch
Veröffentlicht: 2002
In: Zeitschrift für Personalpsychologie
Year: 2002, Jahrgang: 1, Heft: 2, Pages: 59-79
ISSN:1617-6391
Online-Zugang: Volltext
Verfasserangaben:Kh. Sonntag

MARC

LEADER 00000caa a22000002c 4500
001 1435912349
003 DE-627
005 20240705202726.0
007 tu
008 120525s2002 xx ||||| 00| ||ger c
035 |a (DE-627)1435912349 
035 |a (DE-576)365912344 
035 |a (DE-599)BSZ365912344 
035 |a (OCoLC)1340412982 
040 |a DE-627  |b ger  |c DE-627  |e rakwb 
041 |a ger 
084 |a 11  |2 sdnb 
100 1 |a Sonntag, Karlheinz  |d 1950-  |0 (DE-588)120358050  |0 (DE-627)080624626  |0 (DE-576)163127395  |4 aut 
245 1 0 |a Personalentwicklung und Training  |b Stand der psychologischen Forschung und Gestaltung  |c Kh. Sonntag 
264 1 |c 2002 
300 |a 21 
336 |a Text  |b txt  |2 rdacontent 
337 |a ohne Hilfsmittel zu benutzen  |b n  |2 rdamedia 
338 |a Band  |b nc  |2 rdacarrier 
773 0 8 |i In  |t Zeitschrift für Personalpsychologie  |d Göttingen : Hogrefe, 2002  |g 1(2002), 2, Seite 59-79  |w (DE-627)337408327  |w (DE-600)2063355-5  |w (DE-576)097935069  |x 1617-6391  |7 nnas  |a Personalentwicklung und Training Stand der psychologischen Forschung und Gestaltung 
773 1 8 |g volume:1  |g year:2002  |g number:2  |g pages:59-79  |g extent:21  |a Personalentwicklung und Training Stand der psychologischen Forschung und Gestaltung 
776 0 8 |i Erscheint auch als  |n Online-Ausgabe  |a Sonntag, Karlheinz, 1950 -   |t Personalentwicklung und Training  |d 2002  |w (DE-627)152225093X  |w (DE-576)452250935 
951 |a AR 
992 |a 20120525 
993 |a Article 
998 |g 120358050  |a Sonntag, Karlheinz  |m 120358050:Sonntag, Karlheinz  |d 100000  |d 100200  |e 100000PS120358050  |e 100200PS120358050  |k 0/100000/  |k 1/100000/100200/  |p 1  |x j  |y j 
999 |a KXP-PPN1435912349  |e 2714217532 
BIB |a Y 
SER |a journal 
JSO |a {"physDesc":[{"extent":"21 S."}],"id":{"eki":["1435912349"]},"name":{"displayForm":["Kh. Sonntag"]},"recId":"1435912349","language":["ger"],"origin":[{"dateIssuedDisp":"2002","dateIssuedKey":"2002"}],"title":[{"title_sort":"Personalentwicklung und Training","title":"Personalentwicklung und Training","subtitle":"Stand der psychologischen Forschung und Gestaltung"}],"relHost":[{"recId":"337408327","disp":"Personalentwicklung und Training Stand der psychologischen Forschung und GestaltungZeitschrift für Personalpsychologie","id":{"eki":["337408327"],"zdb":["2063355-5"],"issn":["1617-6391"]},"type":{"bibl":"periodical"},"title":[{"title":"Zeitschrift für Personalpsychologie","title_sort":"Zeitschrift für Personalpsychologie"}],"part":{"extent":"21","pages":"59-79","volume":"1","year":"2002","text":"1(2002), 2, Seite 59-79","issue":"2"},"pubHistory":["1.2002 - 8.2009"],"origin":[{"publisher":"Hogrefe","dateIssuedKey":"2002","publisherPlace":"Göttingen","dateIssuedDisp":"2002-2009"}],"language":["ger"]}],"type":{"bibl":"article-journal"},"person":[{"display":"Sonntag, Karlheinz","role":"aut","given":"Karlheinz","family":"Sonntag"}]} 
SRT |a SONNTAGKARPERSONALEN2002